| 000 | 00903cab a2200217 4500 | ||
|---|---|---|---|
| 001 | ABS39197 | ||
| 008 | 090401t1988 xxu||||| |||| 00| 0 eng d | ||
| 035 | _a(Sirsi) u14972 | ||
| 041 | _aeng | ||
| 100 | _aLightman, S. | ||
| 245 | _aLandlord and Tenant Act 1987: is there a way out through associated companies? | ||
| 260 | _c1988 | ||
| 350 | _a0 | ||
| 490 |
_aEstates Gazette _v(8819) 14 May 1988, 21-30(3) |
||
| 520 | _aThere appears to be no provision in the Act to prevent a transfer to an associated company followed by a sale of that company. This article analyses the pitfalls for a purchaser relying on the provision and includes the definition of an associated company, the workability of the scheme and the costs and liabilities. | ||
| 650 | _aDISPOSALS | ||
| 650 | _aLANDLORD AND TENANT ACT 1987 S4 2 | ||
| 690 | _aPROPERTY-LANDLORD AND TENANT | ||
| 942 | _n0 | ||
| 948 | _c04/03/1997 | ||
| 999 |
_c9777 _d9777 |
||